Top 10 Countries Visiting Botswana - Statistics

General Stats
  • This quiz has been taken 349 times
  • The average score is 8 of 10
Answer Stats
Visitors Visiting Country % Correct
68,519 South Africa
96%
38,522 United States
95%
20,601 United KIngdom
91%
7,992 France
88%
26,151 Germany
88%
7,255 Canada
78%
18,285 Zimbabwe
74%
13,822 Australia
70%
8,857 Japan
64%
8,909 Netherlands
53%
No matching quizzes found
Score Distribution
Percent of People with Each Score
Percentile by Number Answered
Your Score History
You have not taken this quiz